Genes in conflict : (رقم التسجيلة. 21386)
[ عرض عادي ]
| 000 -الفاتح | |
|---|---|
| حقل البيانات ثابتة الطول | 01362cam a22003014a 4500 |
| 001 - رقم الضبط | |
| رقم الضبط | 60882032 |
| 003 - محدد رقم الضبط | |
| رقم الضبط | OCoLC |
| 005 - وقت وتاريخ اخر تعامل مع التسجيلة | |
| رقم الضبط | 20150408114012.0 |
| 008 - عناصر البيانات ثابتة الطول - معلومات عامة | |
| حقل البيانات ثابتة الطول | 050629s2006 mauaf b 001 0 eng |
| 010 ## - رقم ضبط مكتبة الكونجرس | |
| رقم ضبط مكتبة الكونجرس | 2005051219 |
| 020 ## - الرقم الدولى المعيارى للكتب | |
| الرقم الدولى المعيارى للكتاب | 0674017137 (cloth : alk. paper) |
| 040 ## - مصدر الفهرسة | |
| وكالة الفهرسة الأصلية | DLC |
| وكالة النسخ | DLC |
| وكالة التعديل | BAKER |
| -- | C#P |
| -- | CUS |
| -- | NLM |
| -- | XMA |
| 042 ## - رمز التحقق | |
| رمز التحقق | pcc |
| 050 00 - رقم طلب مكتبة الكونجرس | |
| رقم التصنيف | QH447.8.S45 |
| رقم المادة | B87 2006 |
| 060 00 - رقم الطلب بالمكتبة الطبية الوطنية | |
| رقم التصنيف | 2006 E-259 |
| 060 00 - رقم الطلب بالمكتبة الطبية الوطنية | |
| رقم التصنيف | QU 470 |
| رقم المادة | B973g 2006 |
| 082 00 - رقم تصنيف ديوى العشرى | |
| رقم التصنيف | 572.86 |
| رقم الطبعة | 22 |
| 100 1# - المدخل الرئيسى - إسم شخصى | |
| الإسم الشخصى | Burt, Austin. |
| 9 (RLIN) | 10461 |
| 245 10 - بيان العنوان | |
| العنوان | Genes in conflict : |
| بقية العنوان | the biology of selfish genetic elements / |
| بيان المسئوليه,etc | Austin Burt and Robert Trivers. |
| 260 ## - PUBLICATION, DISTRIBUTION, ETC. (IMPRINT) | |
| مكان الناشر او الموزع | Cambridge, Mass. : |
| اسم الناشر او الموزع | Belknap Press of Harvard University Press, |
| تاريخ النشر أو التوزيع | 2006. |
| 300 ## - الوصف المادى | |
| التعداد | viii, 602 p., [8] p. of plates : |
| تفاصيل ماديه اخرى للوعاء | ill. (some col.) ; |
| أبعاد الوعاء | 25 cm. |
| 504 ## - تبصرة ببليوجرافية | |
| تبصرة ببليوجرافية,الخ | Includes bibliographical references (p. 477-575) and indexes. |
| 505 0# - تبصرة محتويات-الفهرس | |
| تبصرة المحتويات المصاغة | 1. Selfish genetic elements -- 2. Autosomal killers -- 3. Selfish sex chromosomes -- 4. Genomic imprinting -- 5. Selfish mitochondrial DNA -- 6. Gene conversion and homing -- 7. Transposable elements -- 8. Female drive -- 9. B chromosomes -- 10. Genomic exclusion -- 11. Selfish cell lineages -- 12. Summary and future directions. |
| 650 #0 - المدخل الاضافى بالموضوع-مصطلح موضوعى | |
| مصطلح موضوعي أو اسم جغرافي كعنصر مدخل | Selfish genetic elements. |
| 9 (RLIN) | 10462 |
| 650 12 - المدخل الاضافى بالموضوع-مصطلح موضوعى | |
| مصطلح موضوعي أو اسم جغرافي كعنصر مدخل | Repetitive Sequences, Nucleic Acid. |
| 9 (RLIN) | 10463 |
| 700 1# - المدخل الاضافى - اسم شخصى | |
| الإسم الشخصى | Trivers, Robert. |
| 9 (RLIN) | 10464 |
| 942 ## - عناصر المدخل الإضافي( كوها) | |
| مصدر التصنيف او مخطط الترفيف | Dewey Decimal Classification |
| Koha [default] item type | كتاب |
| حالة الفقد | نموذج السعر الفعال | حالة تلف | ليس للاعارة | رقم الطلب | تاريخ الاكتساب | الموقع الحالي | الباركود | الفرع الرئيسي | Date last seen | نوع المادة فى نظام كوها | مصدر التصنيف او خطة الترفيف | Total Checkouts |
|---|---|---|---|---|---|---|---|---|---|---|---|---|
| 2013-03-10 | 572.86 B A G | 2012-04-10 | مكتبة مجمع الطالبات بالمجمعة (EMF) | 00076233 | مكتبة مجمع الطالبات بالمجمعة (EMF) | 2013-03-10 | كتاب | Dewey Decimal Classification | ||||
| 2013-03-10 | 572.86 B A G | 2012-04-10 | مكتبة مجمع الطالبات بالمجمعة (EMF) | 00076234 | مكتبة مجمع الطالبات بالمجمعة (EMF) | 2013-03-10 | كتاب | Dewey Decimal Classification | ||||
| 2013-03-10 | 572.86 B A G | 2012-04-10 | مكتبة مجمع الطالبات بالمجمعة (EMF) | 00076338 | مكتبة مجمع الطالبات بالمجمعة (EMF) | 2013-03-10 | كتاب | Dewey Decimal Classification |
